你剛吃了韭菜水餃? : 我那些可恨又可愛的病人們
| 資料類型: | 圖書 | 書目號: | 47022 |
Leader xxxxxxxxxx 001 __ PCLIS00047022 005 __ 20210726091037.0 010 0_ |a978-986-5853-075|b平裝|dNT$250 100 __ |a20130618d2013 m y0chiy09 e 101 0_ |achi 102 __ |atw 105 __ |aa a 000cy 200 1_ |a你剛吃了韭菜水餃?|e我那些可恨又可愛的病人們|f林峰丕著 205 __ |a初版 210 __ |a臺北市|c原水文化|d2013[民102] 215 0_ |a249面|c圖|d21公分 225 1_ |a悅讀健康系列|v94 300 __ |a著者為牙醫師 300 __ |a本館館藏附作者簽名 606 __ |2cst|a醫病關係 606 __ |2cst|a散文 681 __ |a855|b8764 700 1_ |a林|b峰丕|4著 801 _0 |bCEG 801 _1 |atw|b內湖高中|c20140523|gCCR 801 _2 |atw|b內湖高中|c20210726|gCCR |